[Event "27th CRO-chT 1A-Men 2018"]
[Site "Biograd"]
[Date "2018.09.09"]
[Round "2.22"]
[White "Zovko, Mario"]
[Black "Tica, Sven"]
[Result "1-0"]
[WhiteElo "2328"]
[BlackElo "2442"]
[Annotator "TA"]
[PlyCount "183"]
[EventDate "2018.09.08"]
[EventType "team-tourn"]
[EventCountry "CRO"]
[SourceTitle "playchess.com"]
[Source "ChessBase"]
[SourceQuality "1"]

{[%evp 30,183,17,0,15,9,19,24,31,18,25,16,17,16,59,10,12,0,0,-8,0,0,0,0,13,2,27,7,18,-9,-8,-26,-26,-38,-46,-29,-26,-26,-22,-26,0,-26,0,-29,-26,-27,-21,-21,-14,-57,-55,-87,-87,-87,-87,-68,0,-13,0,-79,-13,-13,0,-13,0,-52,-13,-13,0,0,0,-14,-7,-14,0,-12,0,0,0,0,0,0,0,0,0,0,0,0,0,0,0,0,0,-31,0,0,15,5,8,-31,0,-31,-31,-31,-31,-31,-31,-31,-31,-31,-13,-31,-31,-31,-31,-31,0,-31,95,80,56,73,74,67,65,62,76,11,11,11,24,0,237,281,363,352,454,454,454,454,454,450,444,411,339,0,0,0,0,0,799,704,6227,6099,29979,29980]} 1. e4 c6 2. d4 d5 3. exd5 cxd5 4. Bd3 Nc6 5. c3 Nf6 6. Bf4 Bg4 7. Qb3 Qc8 8. Nd2 e6 9. Ngf3 Be7 10. O-O Bh5 11. Ne5 Nxe5 12. Bxe5 {B13: Caro-Kann: Exchange Variation and Panov-Botvinnik Attack} O-O 13. a4 (13. Rac1 Bg6 14. Bxg6 hxg6 15. c4 Qd7 16. c5 Rfc8 17. Qd3 a5 18. Rc3 Qc6 19. Rfc1 Ne4 20. Nxe4 dxe4 {½-½ (50) Wei,Y (2696)-Zhou,J (2620) Wuxi 2016}) 13... Bg6 14. Bxg6 hxg6 15. h3 Qc6 16. Rfe1 {LiveBook: 13 Games} b6 17. Qb5 Rfc8 18. Qa6 Nd7 $146 ({Predecessor:} 18... Bd6 19. Nf3 Ne4 20. Bxd6 Nxd6 21. Ne5 Qb7 {0-1 (66) Rubinetti,J (2455)-Servat,R (2445) Buenos Aires 1994}) 19. Bf4 g5 20. Bg3 Nf8 21. Nf3 f6 22. Re2 (22. Re3 {looks sharper.} Bd6 23. Bxd6 Qxd6 24. g3 Qc6 25. Qe2) 22... Qc4 23. Qxc4 Rxc4 24. Nd2 Rc6 25. Nf3 a6 26. Ne1 Ra7 27. Nd3 Rb7 28. f3 Kf7 29. Be1 Bd6 30. Bd2 Ng6 31. Rae1 Re7 32. Kf2 Rc8 33. Rc1 Rec7 34. Rce1 Re7 35. Rc1 Rec7 36. Rce1 Re8 37. Rc1 Nf4 (37... Rc4 {keeps more tension.} 38. Ra1 a5 39. Be3 Rh8 40. Ree1 Rcc8) 38. Bxf4 gxf4 39. a5 b5 $1 40. b4 Rc4 $1 41. Nb2 {[#]} Rc6 $1 42. Nd3 Rc4 ({Better is} 42... e5 $15 43. Nc5 f5) 43. Nb2 $1 $11 {[%cal Rb2c4]} Rc6 (43... Rcc8 $11 44. Nd3 Rc4) 44. Nd3 $17 Kg6 ({Black should try} 44... e5 $17 {...exd4 is the strong threat.} 45. Nc5 f5) 45. Nc5 $11 Kf5 46. Rd1 g5 47. Rd3 (47. Rf1 $11) 47... Re7 48. Rd1 Bc7 49. Red2 Bb8 50. Rd3 Ba7 51. R3d2 Rec7 52. Rd3 Rd6 53. R3d2 Rf7 54. Rd3 Re7 55. Kf1 Rc6 56. R3d2 Kg6 57. Rd3 Kf7 58. R3d2 Re8 59. Re2 Ke7 60. Rd3 Kd6 61. Rd1 Re7 62. Red2 (62. Kf2 {seems wilder.} e5 63. Rh1 Rh7 64. Rhe1 Re7 65. Rd2) 62... Bxc5 63. dxc5+ {[%mdl 4096] Endgame KRR-KRR} Kd7 64. Ke2 Rc8 65. Kd3 (65. h4 $5) 65... Kc6 66. Ke2 Rd8 67. Kf2 e5 68. Re1 f5 69. Rd3 Rdd7 70. Rd2 Re6 71. Rd3 Re8 72. Rd2 Ree7 73. Rd3 (73. g4 $5 {[%cal Rg4f5]}) 73... g4 (73... e4 $15 {keeps the upper hand.} 74. Rdd1 Re8) 74. hxg4 $16 ({Much weaker is} 74. fxg4 $6 e4 $11) 74... fxg4 75. fxg4 e4 76. Rh3 Re6 $1 77. g5 Rg7 $1 78. Rh4 (78. g3 $16 f3 79. Rh5) 78... Rxg5 $11 79. Rxf4 Reg6 80. Rg1 {aiming for g4.} Kd7 $2 (80... Rg3 $11 {and Black stays safe.}) 81. g4 $18 Ke6 82. Rh1 Rxg4 83. Rxg4 Rxg4 {KR-KR} 84. Rh6+ Ke5 85. Rxa6 Rf4+ 86. Ke2 Rf3 {[#]} 87. Kd2 $2 ({Only move:} 87. Ra8 $1 $18 Rxc3 88. a6) 87... Rf2+ $11 88. Kd1 {Threatens to win with Ra8.} e3 89. Rd6 {Black must now prevent Rd8.} Ke4 $2 {[%mdl 8192]} (89... Ra2 $11) 90. c6 $18 {[%cal Bc5c6,Bc6c7][%mdl 32]} Ra2 91. c7 Ra1+ 92. Kc2 {Precision: White = 53%, Black = 38%.} 1-0

[Event "27th CRO-chT 1A-Men 2018"]
[Site "Biograd"]
[Date "2018.09.09"]
[Round "2.23"]
[White "Golubovic, Boris"]
[Black "Cosic, Marin"]
[Result "1/2-1/2"]
[WhiteElo "2386"]
[BlackElo "2227"]
[Annotator "ChessBase"]
[PlyCount "44"]
[EventDate "2018.09.08"]
[EventType "team-tourn"]
[EventCountry "CRO"]
[SourceTitle "playchess.com"]
[Source "ChessBase"]
[SourceQuality "1"]
[TimeControl "40/5400+30:1800+30"]

1. c4 {[%emt 0:00:30]} c6 {[%emt 0:00:30]} 2. Nf3 {[%emt 0:05:30]} Nf6 {[%emt 0:00:30]} 3. Nc3 {[%emt 0:01:30]} d5 {[%emt 0:00:30]} 4. e3 {[%emt 0:02:30]} g6 {[%emt 0:04:30]} 5. d4 {[%emt 0:02:30]} Bg7 {[%emt 0:07:30]} 6. Be2 {[%emt 0:02:30]} O-O {[%emt 0:00:30]} 7. O-O {[%emt 0:00:00]} Bg4 {[%emt 0:20:30]} 8. cxd5 {[%emt 0:06:00]} Nxd5 {[%emt 0:03:30]} 9. h3 {[%emt 0:08:30]} Bxf3 {[%emt 0:07:30]} 10. Bxf3 {[%emt 0:01:30]} Nb6 {[%emt 0:00:30]} 11. a4 {[%emt 0:08:30]} a5 {[%emt 0:03:30]} 12. Qb3 {[%emt 0:00:30]} Na6 {[%emt 0:01:30]} 13. Rd1 {[%emt 0:02:30]} e6 {[%emt 0:03:30]} 14. Bd2 {[%emt 0:04:30]} Qc7 {[%emt 0:05:30]} 15. Rac1 {[%emt 0:05:30]} Nb4 {[%emt 0:03:30]} 16. Be1 {[%emt 0:15:30]} Rfe8 {[%emt 0:05:30]} 17. g3 {[%emt 0:01:30]} Qe7 {[%emt 0:05:30]} 18. Ne4 {[%emt 0:10:41]} Bf8 {[%emt 0:00:30]} 19. Nc5 {[%emt 0:02:15]} Qc7 {[%emt 0:00:30]} 20. Bg2 {[%emt 0:02:43]} N4d5 {[%emt 0:03:30]} 21. Ne4 {[%emt 0:02:10]} Nd7 {[%emt 0:00:30]} 22. Nd2 {[%emt 0:03:50]} Qb6 {[%emt 0:01:30]} 1/2-1/2

[Event "27th CRO-chT 1A-Men 2018"]
[Site "Biograd"]
[Date "2018.09.09"]
[Round "2.24"]
[White "Zivkovic, Nikola"]
[Black "Petrov, Jole"]
[Result "0-1"]
[WhiteElo "2144"]
[BlackElo "2397"]
[Annotator "TA"]
[PlyCount "180"]
[EventDate "2018.09.08"]
[EventType "team-tourn"]
[EventCountry "CRO"]
[SourceTitle "playchess.com"]
[Source "ChessBase"]
[SourceQuality "1"]

{[%evp 29,180,0,39,-29,-19,0,-14,-54,-52,-79,-64,-83,-75,-153,-153,-150,-160,-160,-158,-156,-153,-169,-87,-102,-79,-117,-105,-101,-88,-91,-97,-97,-60,-70,-60,-62,-39,-34,-37,-52,-58,-49,-45,-54,-53,-52,-27,-88,-88,-88,-88,-103,-106,-98,-98,-102,-91,-141,-141,-185,-160,-160,-140,-160,-158,-157,-136,-138,-148,-139,-157,-200,-154,-154,-149,-220,-205,-216,-214,-390,-390,-390,-390,-375,-375,-375,-367,-368,-370,-368,-368,-368,-365,-347,-337,-315,-268,-236,-243,-439,-427,-403,-381,-904,-818,-1135,-1075,-1102,-1053,-12833,-9043,-12840,-12839,-12842,-12842,-12843,-12843,-12844,-12839,-12839,-12840,-12840,-12841,-12841,-12841,-12842,-12838,-12844,-12843,-12843,-12843,-12843,-12843,-12845,-12845,-12846,-12846,-12847,-12846,-12847,-2175,-12843,-12844,-12844,-12844,-12845,-12846,-12848,-12847,-12847,-12848,-12848,-12849]} 1. e4 c6 2. d4 d5 3. exd5 cxd5 4. c4 Nf6 5. Nc3 e6 6. Nf3 Bb4 7. cxd5 Nxd5 8. Bd2 Nc6 9. Bd3 Be7 10. O-O O-O 11. a3 Nf6 12. Be3 b6 13. Re1 Bb7 14. Qe2 Rc8 15. Rad1 Nd5 {LiveBook: 7 Games. B22: Sicilian: 2 c3} (15... Na5 16. Bg5 Nd5 17. Qe4 Nf6 18. Qh4 g6 19. Ne5 Nc6 20. Bb1 Nd5 21. Ne4 f6 22. Nxc6 Bxc6 23. Bh6 {½-½ (62) Ponomariov,R (2712)-Wang,H (2717) Huaian 2016}) 16. Bc1 (16. Nxd5 $14 Qxd5 17. Bc4) 16... Nxc3 17. bxc3 Na5 $146 {The position is equal.} ({Predecessor:} 17... Bf6 18. Ne5 Bxe5 19. dxe5 Qh4 20. Qf3 Rc7 21. Re4 Nxe5 22. Rxh4 Nxf3+ 23. gxf3 {1-0 (51) Palkovi,J (2420)-Orso,M (2390) Hungary 1997}) 18. Bb2 (18. c4 $5 {[%cal Rd4d5]}) 18... Qd5 19. Ra1 Rfd8 20. Bc2 Bd6 21. Qd3 {[#]} (21. a4 $142) 21... Qh5 $1 $17 22. h3 {[#]} Bxf3 $1 23. Qxf3 Qxf3 24. gxf3 Bf4 25. Red1 e5 ({Black should play} 25... Nc4 $19 26. Bc1 Bxc1 27. Rdxc1 g6) 26. Bf5 Rb8 (26... Rc7 {seems wilder.} 27. dxe5 Rxd1+ 28. Rxd1 g6 29. Bd7 Bxe5 30. Bb5 Nb3) 27. Bc1 Bxc1 28. Raxc1 g6 29. Be4 exd4 30. cxd4 Rd7 31. f4 Nb3 32. Rc4 b5 33. Rb4 Nc5 34. Bf3 a5 35. Rb2 Ne6 $36 {[%mdl 2048] Black is more active.} 36. d5 Nxf4 37. Kh2 Rb6 38. Rdb1 (38. Kg3 $11 Nh5+ 39. Bxh5 gxh5 40. Kf4) 38... b4 39. axb4 Nd3 40. Ra2 axb4 41. Rd2 Ne5 42. Be2 Ra7 43. f4 Nd7 44. Bc4 Kf8 45. d6 Nf6 46. Bb3 Rd7 47. Ba4 Rdxd6 48. Rxd6 Rxd6 49. Rxb4 {[%mdl 4096] Endgame KRB-KRN} Rd2+ 50. Kg3 Rd3+ 51. Kh2 Nd5 52. Rb8+ (52. Re4 $17 {was necessary.}) 52... Kg7 $19 53. f5 Nf4 54. fxg6 $2 (54. Rb3) 54... Rxh3+ 55. Kg1 hxg6 56. Rb7 Ne6 57. Be8 Ng5 58. Kg2 Re3 59. Bc6 Kf6 60. Ra7 Re7 61. Ra5 Ne6 62. Kf2 Kg7 63. Bd5 f5 64. Ba8 $2 (64. Bc4 {was called for.}) 64... Kf6 65. Ra6 Kg5 66. Bf3 $2 (66. Ra5) 66... Nc5 {Black is clearly winning.} 67. Ra1 Kf4 68. Bc6 g5 {[%cal Bg6g5,Bg5g4,Bg4g3][%mdl 32]} 69. Ra3 g4 70. Kf1 Re6 71. Bb5 Re3 72. Ra2 Ne4 73. Bc6 Rc3 74. Bb7 g3 75. Kg2 Rf3 76. Ra4 Rf2+ 77. Kg1 Re2 78. Ra3 Rb2 79. Bc6 Rc2 80. Bb7 Nc3 81. Rb3 Ne2+ 82. Kf1 Nd4 83. Ra3 Rb2 84. Ba8 Nc2 (84... Rf2+ $142 85. Ke1 Nc2+ 86. Kd1 Nxa3 87. Ke1 Ke3 88. Bc6 g2 89. Bxg2 Rxg2 90. Kf1 Rg8 91. Ke1 Rg1#) 85. Rf3+ Kg4 86. Rc3 f4 87. Bf3+ Kh3 {( -> ...Ne3+)} 88. Be4 Ne3+ 89. Kg1 Rd2 {[%cal Rd2d1]} 90. Bf3 Rf2 {Precision: White = 43%, Black = 75%.} 0-1

[Event "27th CRO-chT 1A-Men 2018"]
[Site "Biograd"]
[Date "2018.09.09"]
[Round "2.25"]
[White "Hracek, Zbynek"]
[Black "Tomashevsky, Evgeny"]
[Result "1/2-1/2"]
[WhiteElo "2557"]
[BlackElo "2702"]
[Annotator "TA"]
[PlyCount "66"]
[EventDate "2018.09.08"]
[EventType "team-tourn"]
[EventCountry "CRO"]
[SourceTitle "playchess.com"]
[Source "ChessBase"]
[SourceQuality "1"]

{[%evp 23,66,5,11,0,10,0,0,0,0,12,10,0,0,0,0,0,0,-6,-6,-10,-6,-6,0,0,0,0,0,0,0,-7,0,0,0,0,0,0,0,0,0,0,0,0,0,0,0]} 1. e4 e5 2. Nf3 Nc6 3. Bb5 {[%cal Bf1b5,Bb5a4,Ba4b3][%mdl 32]} a6 4. Ba4 Nf6 5. O-O Be7 6. Re1 b5 7. Bb3 O-O 8. a4 b4 9. d3 d6 10. a5 Be6 11. Nbd2 {C88: Closed Ruy Lopez: Anti-Marshall Systems} (11. Bxe6 fxe6 12. h3 Qb8 13. c3 Qb5 14. c4 Qb7 15. Nbd2 Nd7 16. Nb3 Nd8 17. d4 exd4 18. Nbxd4 c5 19. Nxe6 Nxe6 {½-½ (36) Vachier Lagrave,M (2789)-Aronian,L (2794) Karlsruhe/Baden-Baden 2018}) 11... Bxb3 12. Nxb3 Re8 {LiveBook: 10 Games. The position is equal.} 13. d4 exd4 14. Nbxd4 Nxd4 15. Qxd4 $146 ({Predecessor:} 15. Nxd4 Bf8 16. Nc6 Qd7 17. Nxb4 Qb5 18. Nd5 Nxd5 19. exd5 Rxe1+ 20. Qxe1 {½-½ (40) Filipenko,A (2278)-Pogorelskikh,S (1744) Kazan 2016}) 15... d5 16. exd5 Qxd5 17. Qxd5 Nxd5 18. Bg5 f6 19. Rad1 Rad8 20. Bc1 Kf7 21. Kf1 Rd6 22. Nd2 Re6 23. Rxe6 Kxe6 24. Nc4 Rb8 25. b3 h5 26. h4 Rb5 27. Bd2 Bd6 28. Re1+ Kd7 29. Re4 Bf8 30. Rd4 Kc8 31. Re4 Kd7 32. Rd4 Kc8 33. Re4 Kd7 {Precision: White = 75%, Black = 88%.} 1/2-1/2

[Event "27th CRO-chT 1A-Men 2018"]
[Site "Biograd"]
[Date "2018.09.09"]
[Round "2.26"]
[White "Saric, Ivan"]
[Black "Leventic, Ivan"]
[Result "1-0"]
[WhiteElo "2689"]
[BlackElo "2411"]
[Annotator "TA"]
[PlyCount "73"]
[EventDate "2018.09.08"]
[EventType "team-tourn"]
[EventCountry "CRO"]
[SourceTitle "playchess.com"]
[Source "ChessBase"]
[SourceQuality "1"]

{[%evp 23,73,0,0,-8,0,0,0,-27,-29,-32,0,0,20,18,10,14,85,80,85,66,102,97,88,96,121,90,92,81,195,150,256,268,276,272,274,271,270,264,246,247,1061,1018,1967,404,29989,29990,29994,29995,29996,29997,29997,29998]} 1. e4 e5 2. Nf3 Nf6 3. Nxe5 d6 4. Nf3 Nxe4 5. Nc3 Nxc3 6. dxc3 Be7 7. Be3 Nc6 8. Qd2 Ne5 {C42: Petroff Defence: 3 Nxe5 and unusual White 3rd moves} (8... Be6 9. O-O-O Qd7 10. Kb1 Bf6 11. h4 O-O-O 12. Nd4 Nxd4 13. Bxd4 Be5 14. Be2 Qa4 15. b3 Qa5 16. f4 Bxd4 17. Qxd4 {½-½ (40) Vachier Lagrave,M (2779)-Caruana,F (2822) Saint Louis 2018}) 9. O-O-O Nxf3 10. gxf3 Be6 11. Rg1 g6 12. Bd4 Rg8 {LiveBook: 3 Games} 13. f4 $146 ({Predecessor:} 13. c4 Qd7 14. b3 c5 15. Bb2 O-O-O 16. Qh6 {½-½ (28) Wang,H (2715)-Li,C (2613) China 2010}) 13... Qd7 14. c4 c5 15. Be3 {[%cal Bd4e3,Be3c1,Bc1b2][%mdl 32]} Qa4 16. Kb1 O-O-O 17. b3 Qa3 18. Qc3 Bf8 {[#] Strongly threatening ...Bg7.} 19. Bc1 Qa6 (19... Bg7 $11 20. Qf3 (20. Bxa3 Bxc3 21. Bb2 Bxb2 $11) 20... Qa5) 20. Bh3 f5 21. Bb2 Qc6 22. Rde1 Qd7 23. Qa5 a6 24. Bg2 $36 {[%mdl 2048] [#] And now Rxe6! would win. White is really pushing.} Re8 25. Qb6 {Black must now prevent Re2.} Kb8 (25... Bh6 $16 {was necessary.}) 26. Re3 Bh6 (26... g5 $16) 27. Rge1 $18 Bf7 28. Bf6 {Re7 is the strong threat.} Rxe3 29. Rxe3 {White wants to mate with Re7.} ({Inferior is} 29. fxe3 Qc7 $11) 29... Bf8 30. Bd5 Bxd5 31. cxd5 Kc8 $2 (31... Ka8 32. b4 Bh6) 32. Qa7 Kc7 33. Qa8 (33. Bc3 $142 {Intending Ba5+ and mate.} Qb5 34. a4 Qb6 35. Qa8 c4 36. Re8 Qxb3+ 37. cxb3 Kb6 38. Qd8+ Kc5 39. Qc7+ Kxd5 40. bxc4#) 33... Kb6 (33... Qc8 $18 34. Qxc8+ Kxc8 35. Re8+ Kd7 36. Rd8+ Kc7) 34. Bd8+ {White mates.} Kb5 35. c3 {[%csl Gb3][%cal Ra2a4]} c4 36. a4+ Kc5 37. Qa7+ {Precision: White = 77%, Black = 40%.} 1-0

[Event "27th CRO-chT 1A-Men 2018"]
[Site "Biograd"]
[Date "2018.09.09"]
[Round "2.27"]
[White "Zivkovic, Vjekoslav"]
[Black "Markus, Robert"]
[Result "0-1"]
[WhiteElo "2358"]
[BlackElo "2613"]
[Annotator "TA"]
[PlyCount "92"]
[EventDate "2018.09.08"]
[EventType "team-tourn"]
[EventCountry "CRO"]
[SourceTitle "playchess.com"]
[Source "ChessBase"]
[SourceQuality "1"]

{[%evp 14,92,-4,-14,0,-7,0,0,0,4,0,-6,24,0,15,12,25,9,18,6,16,0,0,0,0,0,0,0,0,0,0,0,0,-26,-23,-21,-12,-15,-22,-22,-25,-28,-25,-27,-16,-39,-33,-46,-25,-89,-87,-95,-36,-30,-26,-266,-266,-263,-276,-411,-408,-393,-381,-439,-424,-391,-321,-321,-256,-325,-333,-402,-382,-395,-408,-618,-623,-623,-623,-617,-613]} 1. e4 e6 2. d4 d5 3. exd5 exd5 4. Nf3 Nc6 5. Bb5 Bd6 6. O-O Nge7 7. Bg5 {C01: French: Exchange Variation} (7. Re1 O-O 8. h3 Bf5 9. c3 Qd7 10. Ne5 Bxe5 11. Rxe5 a6 12. Bxc6 Nxc6 13. Re1 Rae8 14. Rxe8 Rxe8 {½-½ (23) Safarli,E (2622)-Mamedyarov,S (2765) Baku 2011}) 7... f6 8. Bh4 {LiveBook: 4 Games} (8. Bc1 {is interesting.} a6 9. Bd3 O-O 10. c4 dxc4 11. Bxc4+ Kh8 12. Nbd2) 8... Bg4 9. Bg3 {The position is equal.} Bxg3 $146 ({Predecessor:} 9... O-O 10. c3 Bxg3 11. hxg3 Qd6 12. Bd3 Bf5 13. Bxf5 Nxf5 14. Qd3 g6 15. Nbd2 {½-½ (15) Vassallo Barroche,M (2362)-Minzer,C (2430) Manises 2004}) 10. fxg3 Qd6 11. c3 O-O-O 12. Qa4 g5 13. Qa3 Rhe8 (13... Nf5 {seems wilder.} 14. Bxc6 Qxc6 15. Qxa7 Rhe8 16. Nbd2 Ne3) 14. Qxd6 Rxd6 15. Re1 Bf5 16. Nbd2 {[%cal Bb1d2,Bd2b3,Bb3c5][%mdl 32]} a6 17. Bf1 h6 18. Re3 Nd8 19. Rae1 Re6 $1 20. Nb3 Rxe3 21. Rxe3 Nf7 22. Nfd2 Nd6 23. Nc5 a5 24. Be2 Bg6 25. g4 b6 26. Nd3 Kd7 27. Nf2 a4 28. a3 c5 29. dxc5 bxc5 30. Bd1 Ra8 31. Nd3 (31. h3 $11 {remains equal.}) 31... Bxd3 $1 $17 32. Rxd3 {[#]} Ke6 ({Better is} 32... Kc7 $1 $17 33. Nf1 Nc4) 33. Re3+ $15 Kf7 34. Rh3 $2 (34. Re1 $11) 34... Rb8 $19 35. Bxa4 Rxb2 36. Rd3 (36. Nf1 {keeps fighting.}) 36... c4 37. Rd4 Ra2 38. Nb1 Ne4 39. Rd1 Ke6 {aiming for ...Ng6.} 40. Be8 Nc8 41. Bc6 {[#]} Nb6 $1 42. h3 Rc2 43. a4 {intending a5.} Ra2 44. Kf1 (44. Rd4 $142 Kd6 45. Bxd5 Nxd5 46. Rxe4) 44... Kd6 {Black is clearly winning.} 45. Bb5 Kc5 46. Be8 Nxa4 {Precision: White = 46%, Black = 68%.} 0-1

[Event "27th CRO-chT 1A-Men 2018"]
[Site "Biograd"]
[Date "2018.09.09"]
[Round "2.28"]
[White "Kuljasevic, Davorin"]
[Black "Mrkonjic, Nenad"]
[Result "1-0"]
[WhiteElo "2548"]
[BlackElo "2352"]
[Annotator "TA"]
[PlyCount "81"]
[EventDate "2018.09.08"]
[EventType "team-tourn"]
[EventCountry "CRO"]
[SourceTitle "playchess.com"]
[Source "ChessBase"]
[SourceQuality "1"]

{[%evp 21,81,60,66,66,64,54,102,103,100,102,120,120,122,120,182,127,152,158,149,150,146,136,98,84,85,47,84,0,67,63,207,199,226,220,216,191,346,337,614,599,938,712,704,676,700,697,2270,2175,5281,5073,29991,29992,29992,29992,29997,29995,29995,29995,29996,29986,29986,29987]} 1. d4 d5 2. c4 c6 3. Nf3 Nf6 4. Nc3 e6 5. Bg5 Be7 6. e3 h6 7. Bh4 Nbd7 8. Rc1 Ne4 9. Bxe7 Qxe7 10. Qc2 f5 11. Bd3 O-O 12. O-O {D64: Queen's Gambit Declined: Classical: 7 Rc1 c6 8 Qc2} Ng5 (12... Ndf6 13. Ne2 g5 14. Ne5 Qg7 15. f3 Nd6 16. c5 Nde8 17. b4 Nd7 18. f4 Nb8 19. fxg5 hxg5 {0-1 (49) Brynell,S (2420)-Stray,G (2042) Ballerup 2018}) 13. Nxg5 (13. Ne1 {feels hotter.} Qf7 14. f4 Ne4 15. Nf3 Qe7 16. a3) 13... dxc4 $146 ({Predecessor:} 13... Qxg5 14. f4 Qe7 15. Rfe1 Nf6 16. a3 b6 17. b4 {½-½ (17) Herde,D (1806)-Goretzki,N (1662) Mecklenburg VP 2007}) 14. Bxc4 {White is better.} hxg5 15. e4 {Strongly threatening exf5.} Nb6 16. Bb3 Kh8 17. f4 Bd7 (17... g4 $16 {might work better.} 18. Qf2 Qd8) 18. Qd3 (18. fxg5 $18 Qxg5 19. Rf3) 18... g6 19. Rce1 gxf4 20. Rxf4 {aiming for Qh3+.} Qg5 21. Rf3 Kg7 22. Rg3 Qh4 {[#] Threatens to win with ...f4.} 23. Rf1 Rad8 24. Bc2 (24. Rf2 $16) 24... Rh8 (24... e5 $11 25. exf5 Bxf5 26. Rxf5 Rxf5 27. Rxg6+ (27. Qxf5 $2 Qxg3 28. Qe4 Qg5 $19) 27... Kxg6 28. Qxf5+ Kg7) 25. h3 $36 {[%mdl 2048] White is more active.} Nc4 (25... Rhf8 $14) 26. Ne2 $18 ({Don't do} 26. exf5 $6 exf5 27. Ne2 Nb6 $16) 26... Nd6 {[%cal Rd6e4]} 27. exf5 exf5 28. Nf4 g5 $2 (28... Rh6 29. d5 cxd5) 29. d5 Ne4 $2 (29... Qh6 30. Qe3 Rde8 31. Rxg5+ (31. Qxa7 Qf6 $16) 31... Kf7) 30. Qd4+ Kh7 {[#]} 31. Rg4 $1 {[%mdl 512]} Qh6 (31... fxg4 32. Qxe4+) 32. Bxe4 Rhf8 33. Bc2 gxf4 34. Rfxf4 Qf6 35. Qf2 {White threatens Bxf5+! and mate.} cxd5 36. Qg3 {White mates.} Qb6+ 37. Kh2 Rf6 38. Rg7+ Kh8 39. Rh4+ Rh6 40. Rg6 Qxg6 41. Qxg6 {Precision: White = 66%, Black = 28%.} 1-0

[Event "27th CRO-chT 1A-Men 2018"]
[Site "Biograd"]
[Date "2018.09.09"]
[Round "2.29"]
[White "Feletar, Darko"]
[Black "Plenca, Jadranko"]
[Result "*"]
[WhiteElo "2364"]
[BlackElo "2477"]
[Annotator "TA"]
[PlyCount "31"]
[EventDate "2018.09.08"]
[EventType "team-tourn"]
[EventCountry "CRO"]
[SourceTitle "playchess.com"]
[Source "ChessBase"]
[SourceQuality "1"]

{[%evp 17,31,0,12,0,0,0,8,-36,2,-69,0,0,0,0,0,0]} 1. Nf3 d5 2. d4 Nf6 3. c4 e6 4. Nc3 Be7 5. Bg5 O-O 6. e3 {[%cal Be2e3,Be3e4,Be4e5][%mdl 32]} Nbd7 7. Bd3 dxc4 8. Bxc4 a6 9. a4 b6 {LiveBook: 4 Games. D60: Queen's Gambit Declined: Classical: Unusual White 7th moves} (9... c5 10. O-O cxd4 11. exd4 Nb6 12. Bb3 Bd7 13. Ne5 Bc6 14. Re1 Nbd5 15. Rc1 Rc8 16. Qd3 Qd6 17. Qh3 Rfd8 18. Bxf6 Bxf6 19. Ne4 Qe7 {½-½ (19) Iturrizaga Bonelli,E (2614)-Bruzon Batista,L (2653) Barbera del Valles 2010}) 10. e4 Bb7 11. e5 $146 ({Predecessor:} 11. Qc2 c5 12. Rd1 cxd4 13. Nxd4 Qc7 14. Ba2 Bb4 15. f3 Rfc8 16. O-O Bxc3 17. bxc3 Qxc3 18. Qxc3 Rxc3 19. Nxe6 {½-½ (47) Soultanbeieff,V-Mathot,G Belgium 1936}) 11... Nd5 12. Bxe7 (12. Bxd5 $5 exd5 13. Bxe7 Qxe7 14. O-O $11) 12... Qxe7 13. O-O (13. Bxd5 $11 exd5 14. O-O) 13... Nxc3 ({Black should try} 13... Nb4 $15) 14. bxc3 $11 {The position is equal.} Rfd8 15. Qe2 Nf8 16. Rfd1 *

[Event "27th CRO-chT 1A-Men 2018"]
[Site "Biograd"]
[Date "2018.09.09"]
[Round "2.30"]
[White "Jovanic, Ognjen"]
[Black "Jukic, Branimir"]
[Result "1-0"]
[WhiteElo "2512"]
[BlackElo "2377"]
[Annotator "TA"]
[PlyCount "46"]
[EventDate "2018.09.08"]
[EventType "team-tourn"]
[EventCountry "CRO"]
[SourceTitle "playchess.com"]
[Source "ChessBase"]
[SourceQuality "1"]

{[%evp 25,46,16,11,23,10,7,62,52,58,57,139,64,88,60,79,67,173,189,350,383,607,593,641]} 1. d4 Nf6 2. c4 c5 3. d5 b5 4. cxb5 a6 5. e3 Bb7 6. Nc3 axb5 7. Bxb5 Qa5 8. Bd2 Qb6 9. Nf3 Nxd5 {A57: Wolga/Benkö-Gambit} 10. Nxd5 (10. a4 Qg6 11. O-O e6 12. a5 Nc7 13. e4 Nxb5 14. Nxb5 Na6 15. Re1 f6 16. Nh4 Qf7 17. Qb3 {1-0 (27) Adhiban,B (2650)-Ramirez Alvarez,A (2568) Reykjavik 2018}) 10... Bxd5 11. a4 e6 12. Bc3 Be7 13. O-O O-O {LiveBook: 18 Partien} 14. Nd2 {[%cal Bf3d2,Bd2c4,Bc4e3][%mdl 32]} f5 15. f3 Qb7 (15... Bc6 $11) 16. e4 $14 Bc6 17. Qe2 d5 $146 {[#]} ({Günstiger ist} 17... f4 $14) 18. exd5 (18. Bxc6 $1 $16 Nxc6 19. exd5 exd5 20. Qe6+ Kh8 21. Qxd5) 18... Bxd5 19. Nc4 $36 {[%mdl 2048] Weiss hat gut koordiniertes Spiel.} Nc6 {[#]} 20. Ne3 $1 {[%cal Re3d5]} Na5 (20... Bb3 $14) 21. Rad1 $18 Bc6 $2 (21... Kh8 22. Nxd5 exd5) 22. Bxa5 Bxb5 (22... Rxa5 $142 23. Nc4 Rxb5 24. Qxe6+ (24. axb5 Bd5 $16) 24... Kh8 25. axb5 Bxb5) 23. axb5 ({Lieber nicht} 23. Qxb5 Qxb5 24. axb5 Rxa5 $11) 23... Rxa5 {Precision: Weiß = 71%, Schwarz = 19%.} 1-0